Pokémon - Les attaques de Goupix - Statistiques

Statistiques générales
  • Ce quiz a été pris 14 fois
  • Le résultat moyen est 11 sur 16
Statistiques - réponses
Niveaux Types Noms des attaques % Correct
Départ Feu Flammèche
100%
Niveau 56 Feu Déflagration
90%
Niveau 32 Feu Lance-Flammes
90%
Niveau 40 Feu Danse Flammes
80%
Niveau 12 Spectre Dépit
80%
Niveau 24 Feu Feu Follet
80%
Départ Normal Mimi-Queue
80%
Niveau 8 Normal Vive-Attaque
80%
Niveau 16 Feu Calcination
60%
Niveau 28 Psy Extrasenseur
60%
Niveau 20 Spectre Onde Folie
60%
Niveau 52 Spectre Rancune
60%
Niveau 48 Feu Feu d'Enfer
50%
Niveau 36 Psy Possessif
30%
Niveau 44 Normal Rune Protect
30%
Niveau 4 Normal Entrave
20%
Aucun quiz correspondant
Distribution des résultats
% des personnes avec chaque résultat
Percentile par nombre de réponses
Votre historique - résultats
Vous n’avez pas pris ce quiz